| 000 | 00832nam a2200301Ia 4500 | ||
|---|---|---|---|
| 008 | 160803s9999 xx 000 0 und d | ||
| 020 | _a 978-0590444774 | ||
| 100 | _aDadey, Debbie | ||
| 245 | _aSanta Claus doesn't mop floors / | ||
| 245 | _cby Debbie Dadey and Marcia Thornton Jones ; illustrated by John Steven Gurney. | ||
| 260 | _aNew York : | ||
| 260 | _bScholastic Inc. | ||
| 260 | _c1991 | ||
| 300 | _a70 pages : | ||
| 300 | _billustrations ; | ||
| 300 | _c20 cm. | ||
| 500 | _a"A Little Apple paperback." | ||
| 650 | _aBehavior -- | ||
| 650 | _aChristmas stories. | ||
| 650 | _aFiction. | ||
| 650 | _aSanta Claus -- | ||
| 650 | _aSchools -- | ||
| 650 | _xBailey School Kids (Fictitious characters) -- | ||
| 650 | _xFiction. | ||
| 650 | _xFiction. | ||
| 650 | _xFiction. | ||
| 700 | _a590 | ||
| 999 |
_c298575 _d298575 |
||